000 00362 a2200145 4500
001 82082
082 _a539 BEI
090 _c39888
_d39888
100 _aBeiser Aurther
245 _aPerspective of Modern Physics
_c Beiser
_hEnglish
250 _aIst
260 _aLondon
_bMcGraw Hill Book Co
_c1969
300 _a611p.
_bOriginol
500 _aH & S Textbook
942 _aNUST-CAE
_k539BEI
_cHS
999 _c317155
_d317155